000
00317nam a2200109Ia 4500
008
200302s9999 xx 000 0 und d
100
_a
H. S. Geyer & T. M. Kontuly
245
_a
Differntial Urbanization Integrating Spatial Models
260
_b
A Member of the Hodder Headline Group
260
_c
1996
300
_a
343 P.,
999
_c
5609
_d
5609